1212 1522 1933 1127 1961 1247 1565 1481 1102 1213 1673 2000 1320 1828 1295 1731 1671 1260 1382 1108 1015 1710 1805 1698 1401 1963 1166 1759 1145 1355 1556 1949 1338 1830 1596 1061 1294 1191 1963 1005 1802 1437 1931 1455 1782 1516 1896 1564 1674 1954 1333 1882 1787 1727 1964 1112 1701 1733 1745 1708 1998 1865 1689 1127 1824 1632 1095 1785 1587 1631 1244 1315 1292 1576 1236 1565 1507 1127 1859 1557 1335 1839 1702 1314 1134 1839 1689 1323 1201 1018 1183 1671 1013 1886 1053 1554 1632 1821 1016 BCNSPRNW ULIB Ver.6.0+V

เปลี่ยนเป็นภาษาไทย

Change to English
 แสดงรายละเอียดบรรณานุกรม
  กลับหน้าหลัก

Brief Record : Get Marc (ISO 2709) : E-mail record : QR code < ปิดหน้าต่าง
LEADER : 00000nam 2200000uu 4500
001    13399125785
003     ULIB
008    170905s2559||||th 000 0 tha d
020    ^a9786164260030
060 04 ^aWT500&^bร281
245 10 ^aโรคเรื้อรังที่พบบ่อยทางอายุรศาสตร์ :^bแนวทางการวินิจฉัยและดูแลรักษา /^cเอกวีร์ ศรีปริวุฒิ และคณะ , บรรณาธิการ
250    ^aพิมพ์คร้้งที่ 1
260    ^aพิษณุโลก : ^bมหาวิทยาลัยนเรศวร, ^c2559
300    ^a249 หน้า ;^bภาพประกอบ
504    ^aเอกสารอ้างอิง
650  7 ^aอายุรศาสตร์
650  7 ^aโรคเรื้อรัง^xการวินิจฉัย
650  7 ^aโรคเรื้อรัง^xการดูแลรักษา
700 0  ^aเอกวีร์ ศรีปริวุฒิ^eบรรณาธิการ
700 0  ^aอภิรัตน์ หวังธีระประเสริฐ^eบรรณาธิการ
700 0  ^aวิทวัส จิตต์ผิวงาม^eบรรณาธิการ
700 0  ^aสุธาทิพย์ พงษ์เจริญ^eบรรณาธิการ
710 2  ^aมหาวิทยาลัยนเรศวร^bภาควิชาอายุรศาสตร์ คณะแพทยศาสตร์
945    ^p360^l0^i25368
945    ^p360^l0^i25369
945    ^p360^l0^i25370
945    ^p360^l0^i25371
945    ^p360^l0^i25372
945    ^p360^l0^i25373
945    ^p360^l0^i25374
945    ^p360^l0^i25375
945    ^p360^l0^i25376
945    ^p360^l0^i25377
999    ^aกัณชพร จุลอักษร
รายการนี้ยังไม่มีแท็ก
คุณยังไม่ได้ล็อกอิน คุณสามารถมีกิจกรรมร่วมกับเว็บไซต์ได้ แต่ต้องล็อกอินก่อน ::
  ล็อกอิน

รายการสื่อสารสนเทศ

ลำดับที่ ประเภท เลขเรียก/บาร์โค้ด สถานที่ สถานะ
1. หนังสือสำรอง
หนังสือสำรอง
WT500& ร281 ฉ.1 
  Barcode: 25368
ห้องสมุดวิทยาเขตนครสวรรค์
►หนังสือทั่วไป:l:General Books
บนชั้น
2. วิทยาศาสตร์การแพทย์ และสุขภาพ
วิทยาศาสตร์การแพทย์ และสุขภาพ
WT500& ร281 ฉ.10 
  Barcode: 25377
ห้องสมุดวิทยาเขตนครสวรรค์
►หนังสือทั่วไป:l:General Books
บนชั้น
3. วิทยาศาสตร์การแพทย์ และสุขภาพ
วิทยาศาสตร์การแพทย์ และสุขภาพ
WT500& ร281 ฉ.2 
  Barcode: 25369
ห้องสมุดวิทยาเขตนครสวรรค์
►หนังสือทั่วไป:l:General Books
บนชั้น
4. วิทยาศาสตร์การแพทย์ และสุขภาพ
วิทยาศาสตร์การแพทย์ และสุขภาพ
WT500& ร281 ฉ.3 
  Barcode: 25370
ห้องสมุดวิทยาเขตนครสวรรค์
►หนังสือทั่วไป:l:General Books
บนชั้น
5. วิทยาศาสตร์การแพทย์ และสุขภาพ
วิทยาศาสตร์การแพทย์ และสุขภาพ
WT500& ร281 ฉ.4 
  Barcode: 25371
ห้องสมุดวิทยาเขตนครสวรรค์
►หนังสือทั่วไป:l:General Books
บนชั้น
6. วิทยาศาสตร์การแพทย์ และสุขภาพ
วิทยาศาสตร์การแพทย์ และสุขภาพ
WT500& ร281 ฉ.5 
  Barcode: 25372
ห้องสมุดวิทยาเขตนครสวรรค์
►หนังสือทั่วไป:l:General Books
บนชั้น
7. วิทยาศาสตร์การแพทย์ และสุขภาพ
วิทยาศาสตร์การแพทย์ และสุขภาพ
WT500& ร281 ฉ.6 
  Barcode: 25373
ห้องสมุดวิทยาเขตนครสวรรค์
►หนังสือทั่วไป:l:General Books
บนชั้น
8. วิทยาศาสตร์การแพทย์ และสุขภาพ
วิทยาศาสตร์การแพทย์ และสุขภาพ
WT500& ร281 ฉ.7 
  Barcode: 25374
ห้องสมุดวิทยาเขตนครสวรรค์
►หนังสือทั่วไป:l:General Books
บนชั้น
9. วิทยาศาสตร์การแพทย์ และสุขภาพ
วิทยาศาสตร์การแพทย์ และสุขภาพ
WT500& ร281 ฉ.8 
  Barcode: 25375
ห้องสมุดวิทยาเขตนครสวรรค์
►หนังสือทั่วไป:l:General Books
บนชั้น
10. วิทยาศาสตร์การแพทย์ และสุขภาพ
วิทยาศาสตร์การแพทย์ และสุขภาพ
WT500& ร281 ฉ.9 
  Barcode: 25376
ห้องสมุดวิทยาเขตนครสวรรค์
►หนังสือทั่วไป:l:General Books
บนชั้น

รายการใกล้เคียง
    หัวเรื่อง [อายุรศาสตร์]

BibComment


ยังไม่เคยถูกคอมเมนท์

คอมเมนท์ทรัพยากรรายการนี้
  คอมเมนท์: โรคเรื้อรังที่พบ..


 Copyright 2026. Bcnsprnw @Library